[Event "Hameenlinna We HamSK"]
[Site "Hameenlinna"]
[Date "2018.06.10"]
[Round "4"]
[White "Alho, Sauli"]
[Black "Lehtohalme, Lasse"]
[Result "1-0"]
[WhiteElo "2161"]
[BlackElo "1969"]
[PlyCount "105"]
[EventDate "2018.06.21"]
[EventType "swiss"]
[EventRounds "4"]
[EventCountry "FIN"]
[SourceTitle "EXT 2022"]
[Source "ChessBase"]
[SourceDate "2021.10.06"]
[SourceVersion "1"]
[SourceVersionDate "2021.10.06"]
[SourceQuality "1"]

1. e4 c5 2. Nf3 Nc6 3. Bb5 g6 4. 0-0 Bg7 5. c3 e6 6. d4 cxd4 7. cxd4 d5 8. exd5 exd5 9. Bxc6+ bxc6 10. Bf4 Ne7 11. Nbd2 0-0 12. Rc1 Bg4 13. h3 Bxf3 14. Nxf3 Re8 15. Ne5 Qb6 16. g4 Qxb2 17. Re1 Qxa2 18. Qf3 f6 19. Nd7 Rad8 20. Nc5 g5 21. Bc7 Rc8 22. Re2 Qxe2 23. Qxe2 Rxc7 24. Qe6+ Kh8 25. Re1 a5 26. Rb1 Ra8 27. Qd6 Rca7 28. Rb8+ Ng8 29. Rxa8 Rxa8 30. Qxc6 Rf8 31. Ne6 Rf7 32. Qxd5 Re7 33. Nd8 Nh6 34. Qxa5 Kg8 35. d5 Nf7 36. Ne6 Ne5 37. Qd8+ Kf7 38. Nxg7 Nf3+ 39. Kg2 Nh4+ 40. Kg3 Re1 41. Qd7+ Kg6 42. f4 Re2 43. Qe8+ Rxe8 44. Nxe8 Kf7 45. Nd6+ Ke7 46. fxg5 fxg5 47. Nf5+ Nxf5+ 48. gxf5 Kd6 49. Kg4 Kxd5 50. Kxg5 Ke5 51. h4 Kd6 52. Kf6 h5 53. Kg7 1-0

[Event "FIN-chT2 Gp3 1617"]
[Site "Finland"]
[Date "2016.10.09"]
[Round "3.3"]
[White "Lehmusvaara, Esa"]
[Black "Lehtohalme, Lasse"]
[Result "1-0"]
[WhiteElo "2096"]
[BlackElo "1967"]
[PlyCount "137"]
[EventDate "2016.09.17"]
[EventType "team-tourn"]
[EventRounds "6"]
[EventCountry "FIN"]
[SourceTitle "EXT 2019"]
[Source "ChessBase"]
[SourceDate "2018.10.10"]
[SourceVersion "1"]
[SourceVersionDate "2018.10.10"]
[SourceQuality "1"]
[WhiteTeam "Tampere SK"]
[BlackTeam "Hameenlinna"]
[WhiteTeamCountry "FIN"]
[BlackTeamCountry "FIN"]

1. c4 Nf6 2. Nc3 g6 3. g3 Bg7 4. Bg2 c5 5. Nf3 0-0 6. 0-0 d6 7. e3 Na6 8. d4 Rb8 9. Qe2 Bd7 10. Bd2 Nc7 11. dxc5 dxc5 12. Ne5 a6 13. Rad1 Qc8 14. Nxd7 Qxd7 15. e4 Qe8 16. Be3 b6 17. e5 Nd7 18. Bc6 Rd8 19. Na4 Na8 20. e6 fxe6 21. Bg5 Bd4 22. Qxe6+ Qf7 23. Bd5 Nf6 24. Qxf7+ Rxf7 25. Bxf7+ Kxf7 26. Bf4 Re8 27. Kg2 b5 28. Nc3 bxc4 29. Rc1 e5 30. Bg5 Nb6 31. Bxf6 Kxf6 32. Ne4+ Ke6 33. Rc2 Rf8 34. h3 Kd5 35. Re1 a5 36. Ree2 a4 37. Nc3+ Kc6 38. Re4 Ra8 39. Nb1 Nd5 40. a3 h5 41. Nc3 Nf6 42. Ree2 g5 43. Nd1 h4 44. Rxc4 hxg3 45. fxg3 Nd5 46. Rc1 Rf8 47. Re4 Nf6 48. Re1 e4 49. Nc3 e3 50. Nxa4 Ne4 51. Re2 Kd6 52. Nb6 Nd2 53. Rc2 Kc6 54. Na4 Kd6 55. Nc3 Nb3 56. Ne4+ Kd5 57. Nxg5 c4 58. Nf3 Ke4 59. Ne1 Kd5 60. h4 Bc5 61. Nf3 Ke4 62. Ng5+ Kd3 63. Ne6 Rf5 64. Nf4+ Rxf4 65. gxf4 Nd4 66. Rxe3+ Kxc2 67. Rc3+ Kxb2 68. Rxc4 Ba7 69. Rc7 1-0

[Event "Espoo We MatSK A"]
[Site "Espoo"]
[Date "2016.02.26"]
[Round "1"]
[White "Bergman, Thomas"]
[Black "Lehtohalme, Lasse"]
[Result "1/2-1/2"]
[WhiteElo "1847"]
[BlackElo "1981"]
[PlyCount "52"]
[EventDate "2016.02.26"]
[EventType "swiss"]
[EventRounds "5"]
[EventCountry "FIN"]
[SourceTitle "EXT 2022"]
[Source "ChessBase"]
[SourceDate "2021.10.06"]
[SourceVersion "1"]
[SourceVersionDate "2021.10.06"]
[SourceQuality "1"]

1. d4 Nf6 2. c4 c5 3. Nf3 cxd4 4. Nxd4 e5 5. Nf3 Nc6 6. Nc3 Be7 7. e4 d6 8. Be2 0-0 9. 0-0 b6 10. Bg5 Bb7 11. Qd2 Qd7 12. Rfd1 Rfd8 13. Rac1 Ne8 14. Bxe7 Nxe7 15. Nxe5 Qe6 16. Ng4 Rac8 17. f3 Ng6 18. Nd5 Ne5 19. Nf4 Qe7 20. Ne3 g6 21. Ned5 Bxd5 22. Nxd5 Qb7 23. Qg5 Kg7 24. f4 f6 25. Qg3 Nf7 26. Bd3 Qd7 1/2-1/2

[Event "Hameenlinna We HamSK"]
[Site "Hameenlinna"]
[Date "2015.05.23"]
[Round "3"]
[White "Hagelberg, Lauri"]
[Black "Lehtohalme, Lasse"]
[Result "1-0"]
[WhiteElo "2031"]
[BlackElo "1993"]
[PlyCount "73"]
[EventDate "2015.05.23"]
[EventType "swiss"]
[EventRounds "5"]
[EventCountry "FIN"]
[SourceTitle "EXT 2022"]
[Source "ChessBase"]
[SourceDate "2021.10.06"]
[SourceVersion "1"]
[SourceVersionDate "2021.10.06"]
[SourceQuality "1"]

1. d4 Nf6 2. c4 c5 3. d5 b5 4. Qc2 bxc4 5. e4 d6 6. Bxc4 g6 7. Nf3 Bg7 8. 0-0 0-0 9. Re1 Nbd7 10. h3 Rb8 11. Nc3 Nb6 12. Bf1 Nh5 13. g4 Nf6 14. Bf4 h5 15. g5 Nfd7 16. e5 Nxe5 17. Nxe5 dxe5 18. Bxe5 Bf5 19. Bd3 Bxh3 20. Bxg6 Bxe5 21. Rxe5 Qd6 22. Bh7+ Kh8 23. Rae1 Nc4 24. R5e4 Rxb2 25. Qd3 Nd2 26. Qxh3 Kxh7 27. Qxh5+ Kg7 28. Rxe7 Qf4 29. Qh6+ Kg8 30. R1e2 Nf3+ 31. Kf1 Nd2+ 32. Rxd2 Qxd2 33. Ne4 Rb1+ 34. Kg2 Rb6 35. d6 Rxd6 36. Nxd6 Qd5+ 37. Ne4 1-0

[Event "Heart of Finland op 24th"]
[Site "Jyvaskyla"]
[Date "2014.07.11"]
[Round "7"]
[White "Torkkola, Henri"]
[Black "Lehtohalme, Lasse"]
[Result "1-0"]
[WhiteElo "2131"]
[BlackElo "1975"]
[PlyCount "75"]
[EventDate "2014.07.07"]
[EventType "swiss"]
[EventRounds "9"]
[EventCountry "FIN"]
[SourceTitle "EXT 2019"]
[Source "ChessBase"]
[SourceDate "2018.10.10"]
[SourceVersion "1"]
[SourceVersionDate "2018.10.10"]
[SourceQuality "1"]

1. d4 g6 2. Bf4 Bg7 3. e3 f5 4. h4 Nf6 5. h5 d6 6. hxg6 hxg6 7. Rxh8+ Bxh8 8. Qf3 Be6 9. Qxb7 Bd5 10. Qb5+ Nbd7 11. Nc3 c6 12. Qd3 Qa5 13. Qd2 Rb8 14. b3 e5 15. Bg3 Bg7 16. dxe5 Nxe5 17. Rd1 Bf7 18. Ne4 Qxd2+ 19. Nxd2 Rd8 20. c4 Ne4 21. Nxe4 fxe4 22. Bh4 Rd7 23. Nh3 Be6 24. Nf4 Bg4 25. Be2 Bxe2 26. Kxe2 Bh6 27. Bg3 g5 28. Nh5 Ke7 29. Bxe5 dxe5 30. Rxd7+ Kxd7 31. Nf6+ Ke6 32. Nxe4 Kf5 33. Ng3+ Ke6 34. Kf3 Kf6 35. Kg4 Kg6 36. Ne4 a6 37. Nc5 a5 38. Ne4 1-0

[Event "Jyvaskyla We JyS"]
[Site "Jyvaskyla"]
[Date "2014.01.25"]
[Round "2"]
[White "Lehtohalme, Lasse"]
[Black "Seppala, Aki"]
[Result "1-0"]
[WhiteElo "1947"]
[BlackElo "2006"]
[PlyCount "111"]
[EventDate "2014.01.24"]
[EventType "swiss"]
[EventRounds "5"]
[EventCountry "FIN"]
[SourceTitle "EXT 2022"]
[Source "ChessBase"]
[SourceDate "2021.10.06"]
[SourceVersion "1"]
[SourceVersionDate "2021.10.06"]
[SourceQuality "1"]

1. d4 Nf6 2. Nf3 c5 3. c3 e6 4. Bf4 Nc6 5. e3 d5 6. Bd3 Bd6 7. Bxd6 Qxd6 8. Nbd2 0-0 9. 0-0 e5 10. dxe5 Nxe5 11. Nxe5 Qxe5 12. Nf3 Qh5 13. Qc2 Re8 14. Rad1 Bg4 15. Be2 b6 16. b3 Ne4 17. Rfe1 Re6 18. c4 Rh6 19. Rxd5 f5 20. Qd3 Re8 21. Rd8 Nf6 22. Qd6 Rxd8 23. Qxd8+ Ne8 24. Qd5+ Kf8 25. Qe5 Rg6 26. Kh1 Rd6 27. Rd1 Bxf3 28. gxf3 Rxd1+ 29. Bxd1 Qh3 30. Kg1 Qh5 31. Qd5 Qg6+ 32. Kf1 Qf6 33. f4 g6 34. Qe5 Qxe5 35. fxe5 Ng7 36. h4 f4 37. exf4 Ne6 38. f5 gxf5 39. Bc2 Nd4 40. Bd3 Kg7 41. Kg2 f4 42. Kh3 h5 43. Kg2 Kf7 44. Be4 Ke6 45. Bg6 Kxe5 46. Bxh5 Nc2 47. Be8 Ne1+ 48. Kh3 Nd3 49. f3 Nc1 50. Kg4 Nxa2 51. Kg5 Ke6 52. Kg6 Ke7 53. Bf7 Nc3 54. h5 Ne4 55. h6 Ng5 56. Bd5 1-0

[Event "Heart of Finland op 23rd"]
[Site "Jyvaskyla"]
[Date "2013.07.09"]
[Round "3"]
[White "Gavrilov, Alexei"]
[Black "Lehtohalme, Lasse"]
[Result "1-0"]
[WhiteElo "2452"]
[BlackElo "1852"]
[PlyCount "105"]
[EventDate "2013.07.08"]
[EventType "swiss"]
[EventRounds "9"]
[EventCountry "FIN"]
[SourceTitle "CBM 155 Extra"]
[Source "ChessBase"]
[SourceDate "2013.08.26"]
[SourceVersion "1"]
[SourceVersionDate "2013.08.26"]
[SourceQuality "1"]

1. d4 Nf6 2. Nf3 g6 3. c4 c5 4. Nc3 Bg7 5. d5 d6 6. e4 b5 7. cxb5 0-0 8. Be2 a6 9. 0-0 Nbd7 10. Bf4 Qb6 11. a4 axb5 12. axb5 Bb7 13. Nd2 Rxa1 14. Qxa1 Ra8 15. Qc1 Ne8 16. Nc4 Qd8 17. Bg5 Bd4 18. Qd2 Nef6 19. Bd3 h6 20. Bxh6 Ng4 21. Bg5 Nde5 22. Nxe5 Bxe5 23. h3 Nf6 24. Bf4 Nd7 25. Bxe5 Nxe5 26. f4 Nd7 27. f5 Ne5 28. fxg6 fxg6 29. Qh6 Qb6 30. Be2 c4+ 31. Kh1 Qd4 32. Bg4 Nxg4 33. Qxg6+ Qg7 34. Qe6+ Kh8 35. Qxg4 Qxg4 36. hxg4 Kg7 37. Kh2 Bc8 38. e5 dxe5 39. Re1 e6 40. d6 Bb7 41. Rxe5 Kf6 42. Rc5 Rd8 43. g5+ Kg6 44. Rc7 Bxg2 45. Kxg2 Rxd6 46. Ne4 Rd3 47. Rxc4 Rb3 48. Rc5 Kf7 49. Nd6+ Ke7 50. Nc4 Rb4 51. b6 Kd7 52. Rc7+ Kd8 53. g6 1-0

[Event "FIN Team Cup"]
[Site "Finland"]
[Date "2013.04.28"]
[Round "2.5"]
[White "Lehtohalme, Lasse"]
[Black "Kauko, Pekka"]
[Result "1-0"]
[WhiteElo "1877"]
[BlackElo "2016"]
[PlyCount "77"]
[EventDate "2013.04.06"]
[EventType "team-k.o."]
[EventRounds "6"]
[EventCountry "FIN"]
[SourceTitle "EXT 2022"]
[Source "ChessBase"]
[SourceDate "2021.10.06"]
[SourceVersion "1"]
[SourceVersionDate "2021.10.06"]
[SourceQuality "1"]
[WhiteTeam "Hameenlinna"]
[BlackTeam "Vammala SK"]
[WhiteTeamCountry "FIN"]
[BlackTeamCountry "FIN"]

1. d4 Nf6 2. Bf4 e6 3. e3 Be7 4. Bd3 d5 5. Nf3 Nbd7 6. c3 b6 7. Qe2 Bb7 8. Nbd2 Ne4 9. h3 h6 10. a4 a6 11. 0-0 0-0 12. Ne5 Nxe5 13. Bxe5 Bd6 14. Bxd6 Qxd6 15. Rfd1 f5 16. Nf3 f4 17. Ne5 Rf6 18. f3 Ng5 19. h4 Nf7 20. Ng4 Rf5 21. Bxf5 exf5 22. Nf2 Re8 23. Nh3 fxe3 24. f4 Qf6 25. Rd3 Qxh4 26. Rxe3 Re4 27. Nf2 Rxe3 28. Qxe3 Nd6 29. Qe6+ Kh7 30. Qd7 Qxf4 31. Qxc7 Qg3 32. Re1 a5 33. Re7 Ba6 34. Re6 Ne4 35. Qxg3 Nxg3 36. Rxb6 Be2 37. b4 f4 38. bxa5 Ne4 39. Nxe4 1-0

[Event "FIN-chT1D 0809"]
[Site "Finland"]
[Date "2009.??.??"]
[Round "5.3"]
[White "Lehtohalme, Lasse"]
[Black "Manninen, Anssi"]
[Result "1-0"]
[WhiteElo "1913"]
[BlackElo "2064"]
[PlyCount "77"]
[EventDate "2008.??.??"]
[EventType "team-tourn"]
[EventRounds "5"]
[EventCountry "FIN"]
[SourceTitle "EXT 2022"]
[Source "ChessBase"]
[SourceDate "2021.10.06"]
[SourceVersion "1"]
[SourceVersionDate "2021.10.06"]
[SourceQuality "1"]
[WhiteTeam "Oulainen Shakkilaakso"]
[BlackTeam "Oulu OSS"]
[WhiteTeamCountry "FIN"]
[BlackTeamCountry "FIN"]

1. e4 c5 2. Nf3 d6 3. d4 cxd4 4. Nxd4 Nf6 5. Nc3 Nc6 6. Bg5 e6 7. Qd2 a6 8. 0-0-0 h6 9. Nxc6 bxc6 10. Bf4 d5 11. exd5 cxd5 12. Be2 Bb4 13. Qd4 Qa5 14. Be5 Be7 15. Qf4 Nd7 16. Bxg7 Bg5 17. Qxg5 hxg5 18. Bxh8 f6 19. h4 g4 20. Bg7 Kf7 21. Bh6 Qb4 22. a3 Qb7 23. Rd4 Ne5 24. Rb4 Qc6 25. Rd4 Bd7 26. h5 Rh8 27. Bf4 Ke7 28. Bxe5 fxe5 29. Rxg4 e4 30. h6 e5 31. Rg7+ Kf6 32. g4 Be6 33. g5+ Kf5 34. Bd1 d4 35. Ne2 e3 36. fxe3 dxe3 37. Ng3+ Kf4 38. Nh5+ Ke4 39. Rh4+ 1-0

[Event "Hameenlinna We HamSK"]
[Site "Hameenlinna"]
[Date "2009.??.??"]
[Round "5"]
[White "Lehtohalme, Lasse"]
[Black "Sisatto, Olli"]
[Result "0-1"]
[WhiteElo "1876"]
[BlackElo "2281"]
[PlyCount "96"]
[EventDate "2009.??.??"]
[EventType "swiss"]
[EventRounds "5"]
[EventCountry "FIN"]
[SourceTitle "EXT 2022"]
[Source "ChessBase"]
[SourceDate "2021.10.06"]
[SourceVersion "1"]
[SourceVersionDate "2021.10.06"]
[SourceQuality "1"]

1. e4 e5 2. Nf3 Nc6 3. Bb5 Nge7 4. d4 exd4 5. Nxd4 a6 6. Bxc6 Nxc6 7. 0-0 Bc5 8. Be3 Qf6 9. c3 0-0 10. Re1 Re8 11. Nxc6 Bxe3 12. Rxe3 Qxc6 13. Qd5 Qxd5 14. exd5 Rxe3 15. fxe3 b5 16. e4 Bb7 17. Nd2 f5 18. exf5 Bxd5 19. Re1 Rf8 20. Re7 Bc6 21. Nb3 Rxf5 22. Nd4 Rd5 23. Nxc6 dxc6 24. Re8+ Kf7 25. Ra8 Rd1+ 26. Kf2 Rd2+ 27. Kf3 Rxb2 28. Rxa6 c5 29. Rc6 c4 30. Rxc7+ Kf6 31. Rc6+ Ke5 32. h4 Kd5 33. Rb6 Kc5 34. Rb7 Rxa2 35. Rxg7 Rc2 36. Rxh7 Rxc3+ 37. Ke4 Rg3 38. Rh5+ Kb4 39. Rg5 c3 40. Rxg3 c2 41. Kf5 c1Q 42. h5 Qc5+ 43. Kg4 Qc8+ 44. Kh4 Qd8+ 45. Rg5 Kc4 46. h6 b4 47. Kh5 Qe8+ 48. Rg6 b3 0-1

[Event "Kajaani We KaSY op"]
[Site "Kajaani"]
[Date "2008.??.??"]
[Round "4"]
[White "Lehtohalme, Lasse"]
[Black "Rantanen, Veikko J"]
[Result "1-0"]
[WhiteElo "1913"]
[BlackElo "2015"]
[PlyCount "45"]
[EventDate "2008.07.??"]
[EventType "swiss"]
[EventRounds "5"]
[EventCountry "FIN"]
[SourceTitle "EXT 2010"]
[Source "ChessBase"]
[SourceDate "2010.11.25"]
[SourceVersion "1"]
[SourceVersionDate "2010.11.25"]
[SourceQuality "1"]

1. e4 e6 2. Qe2 b6 3. f4 Ba6 4. d3 Nc6 5. Nf3 d5 6. exd5 Qxd5 7. Nc3 Bb4 8. Bd2 Bxc3 9. Bxc3 Nf6 10. g3 0-0-0 11. Bg2 Qd7 12. 0-0 h5 13. a4 Rhg8 14. a5 b5 15. Ne5 Nxe5 16. fxe5 Nd5 17. Qf2 Kb8 18. Bd4 c6 19. Qxf7 Nb4 20. Bc5 Nxc2 21. Bd6+ Kc8 22. Rac1 Nd4 23. Qf2 1-0